| 000 | 00853nam a2200265Ia 4500 | ||
|---|---|---|---|
| 003 | GCL | ||
| 008 | 140319s9999 xx 000 0 ara d | ||
| 040 |
_aGCL / _cGCL |
||
| 082 | 0 | 4 |
_a239.9 _bق ق |
| 100 | 1 | _aمنصور عبدالحكيم | |
| 245 | 1 | 0 |
_a150قصة لشهداء الصحابة / _cمنصور عبدالحكيم |
| 260 |
_aالقاهرة : _bدار الكتاب العربى ، _c2005 |
||
| 300 |
_a232ص ؛ _c25 سم |
||
| 490 |
_a150 قصة _v0 |
||
| 650 | 0 | 4 | _aالجهاد فى الاسلام |
| 650 | 0 | 4 | _aعمر بن الخطاب |
| 650 | 0 | 4 | _aعثمان بن عفان |
| 650 | 0 | 4 | _aالصحابة والتابعون |
| 650 | 0 | 4 | _aغزوة احد |
| 650 | 0 | 4 | _aغزوة بدر |
| 650 | 0 | 4 | _aالغزوات الاسلامية |
| 650 | 0 | 4 | _aالشهداء |
| 650 | 0 | 4 | _aعلى بن ابى طالب |
| 942 |
_2ddc _cBK |
||
| 999 |
_c50853 _d50853 |
||